书目信息 |
| 题名: |
道德·上帝与人
|
|
| 作者: | 何怀宏 著 | |
| 分册: | ||
| 出版信息: | 北京 北京大学出版社 2017 |
|
| 页数: | 520页 | |
| 开本: | 23cm | |
| 丛书名: | ||
| 单 册: | ||
| 中图分类: | B512.49 | |
| 科图分类: | ||
| 主题词: | 哲学思想--思想评论--俄罗斯--近代 | |
| 电子资源: | ||
| ISBN: | 978-7-301-28692-0 | |
| 000 | 01383nam0 2200277 450 | |
| 001 | 7018 | |
| 005 | 20180604161908.73 | |
| 010 | @a978-7-301-28692-0@b精装@dCNY84.00 | |
| 100 | @a20180412d2017 em y0chiy50 ea | |
| 101 | 0 | @achi@eeng |
| 102 | @aCN@b110000 | |
| 105 | @ay az 001yy | |
| 200 | 1 | @a道德·上帝与人@9dao de · shang di yu ren@e陀思妥耶夫斯基的问题@f何怀宏著 |
| 210 | @a北京@c北京大学出版社@d2017 | |
| 215 | @a520页@d23cm | |
| 300 | @a何怀宏学术作品集 | |
| 314 | @a何怀宏,祖籍江西清江,现为北京大学哲学系教授。专著有《良心论》、《道德·上帝与人》等。译著有《沉思录》、《道德箴言论》、《正义论》等。 | |
| 320 | @a有书目(第497-509页)和索引(第511-520页) | |
| 330 | @a本书是作者试图将社会伦理、精神追求、基本规范与最高信仰联系起来考察的一种尝试。这不单涉及如何认识中国以至世界在二十世纪的历史,更涉及如何看待“现代性”的诸多问题。作者选择了陀思妥耶夫斯基作为研究对象,因为其思想都是作为问题而出现的,陀氏提出的不仅是他自身时代的问题,也是整个“现代性”的问题。而这些问题,在作者看来,主要是围绕着道德、上帝与人的范畴展开的。 | |
| 517 | 1 | @a陀思妥耶夫斯基的问题@9tuo si tuo ye fu si ji de wen ti |
| 600 | 0 | @a陀思妥耶夫斯基@g(Dostoyevsky, Fyodor Mikhailovich)@f1821-1881@x哲学思想@x思想评论 |
| 606 | 0 | @a哲学思想@x思想评论@y俄罗斯@z近代 |
| 690 | @aB512.49@v5 | |
| 701 | 0 | @a何怀宏@9he huai hong@4著 |
| 801 | 0 | @aCN@b91MARC@c20180412 |
| 905 | @aMuseLib@dB512.49@e31 | |
| 道德·上帝与人:陀思妥耶夫斯基的问题/何怀宏著.-北京:北京大学出版社,2017 |
| 520页;23cm |
| 何怀宏学术作品集 |
| ISBN 978-7-301-28692-0(精装):CNY84.00 |
| 本书是作者试图将社会伦理、精神追求、基本规范与最高信仰联系起来考察的一种尝试。这不单涉及如何认识中国以至世界在二十世纪的历史,更涉及如何看待“现代性”的诸多问题。作者选择了陀思妥耶夫斯基作为研究对象,因为其思想都是作为问题而出现的,陀氏提出的不仅是他自身时代的问题,也是整个“现代性”的问题。而这些问题,在作者看来,主要是围绕着道德、上帝与人的范畴展开的。 |
| ● |
| 相关链接 |
|
|
|
|
正题名:道德·上帝与人
索取号:B512.49/31
 
预约/预借
| 序号 | 登录号 | 条形码 | 馆藏地/架位号 | 状态 | 备注 |
| 1 | 1116137 | 211161375 | 第一样本阅览室/ [索取号:B512.49/31] | 在馆 | |
| 2 | 1116138 | 211161384 | 教育系资料室/ [索取号:B512.49/31] | 在馆 | |
| 3 | 1116139 | 211161393 | 教育系资料室/ [索取号:B512.49/31] | 在馆 | |
| 4 | 1116140 | 211161400 | 第一借阅区/ [索取号:B512.49/31] | 在馆 |